[Event "European Blitz 2017"]
[Site "Katowice POL"]
[Date "2017.12.15"]
[Round "17.43"]
[White "Rodshtein, Maxim"]
[Black "Kahleys, Kevin"]
[Result "1-0"]
[WhiteTitle "GM"]
[WhiteElo "2699"]
[BlackElo "2195"]
[WhiteFideId "2806851"]
[BlackFideId "24669601"]
[EventDate "2017.12.15"]
[EventType "blitz"]

1. Nf3 d5 2. g3 Nf6 3. Bg2 g6 4. d4 Bg7 5. O-O O-O 6. c4 c6 7. Qb3 Qb6 8. Nc3
Qxb3 9. axb3 Bf5 10. Bf4 a6 11. Ne5 Be6 12. Rfc1 Rd8 13. e3 h6 14. h4 Nh5 15.
cxd5 Nxf4 16. gxf4 cxd5 17. Nd3 Nc6 18. Nc5 Rab8 19. Nxe6 fxe6 20. Na4 Kf7 21.
Nc5 Rd6 22. Kh2 h5 23. Bh3 Bf6 24. Kg3 Nd8 25. b4 Rc8 26. Rc3 Rdc6 27. Rac1 R8c7
28. Bf1 Kg7 29. b3 Kf7 30. b5 axb5 31. Bxb5 Rb6 32. Ba4 Rb4 33. Nd3 Rxc3 34.
Rxc3 Rb6 35. Rc7 Nc6 36. Nc5 Na5 37. Rc8 Nc6 38. Nxb7 Rxb7 39. Rxc6 Rb4 40. Ra6
Rb7 41. Rc6 Rb8 42. Rc3 Bg7 43. Bd7 Bf6 44. Rc6 Rxb3 45. Bxe6+ Kg7 46. Bxd5 Rb1
47. Be4 Rg1+ 48. Kh2 Rg4 49. Bf3 Rxh4+ 50. Kg3 g5 51. fxg5 Bxg5 52. Rc5 Kh6 53.
Re5 Bf6 54. Rf5 Bg5 55. Re5 Bf6 56. Re6 Kg5 57. e4 Rf4 58. e5 h4+ 59. Kg2 h3+
60. Kg3 Bg7 61. Rxe7 Bh6 62. d5 h2 63. Bh1 Rg4+ 64. Kh3 Rh4+ 65. Kg3 Rg4+ 66.
Kxh2 Kh4 67. Rh7 Kg5 68. d6 Kg6 69. Re7 Rh4+ 70. Kg2 Bf4 71. d7 Rh2+ 72. Kg1 Rh5
73. Be4+ Kg5 74. d8=Q Bh2+ 75. Kg2 Kf4 76. Bf3 Rg5+ 77. Kxh2 Rg6 78. Rf7+ Kxe5
79. Qd5# 1-0

[Event "European Blitz 2017"]
[Site "Katowice POL"]
[Date "2017.12.15"]
[Round "17.44"]
[White "Sammalvuo, Tapani"]
[Black "Tuomainen, Felix"]
[Result "1-0"]
[WhiteTitle "IM"]
[BlackTitle "FM"]
[WhiteElo "2416"]
[BlackElo "2174"]
[WhiteFideId "501115"]
[BlackFideId "1720813"]
[EventDate "2017.12.15"]
[EventType "blitz"]

1. d4 Nf6 2. c4 e6 3. Nf3 d5 4. Nc3 Be7 5. Bg5 O-O 6. e3 h6 7. Bh4 Ne4 8. Bxe7
Qxe7 9. Rc1 Nxc3 10. Rxc3 dxc4 11. Bxc4 a6 12. Qc2 c6 13. O-O Nd7 14. a3 e5 15.
Ba2 e4 16. Nd2 Nf6 17. Rc5 Nd7 18. Rf5 g6 19. Rf4 Nf6 20. Nxe4 Nxe4 21. Qxe4
Qxe4 22. Rxe4 Bd7 23. Re7 Rad8 24. Rc1 Kg7 25. b4 Kf6 26. Re5 Be6 27. Bxe6 fxe6
28. Rec5 Rd5 29. g4 h5 30. h3 hxg4 31. hxg4 Rfd8 32. Kg2 e5 33. dxe5+ Rxe5 34.
Rxe5 Kxe5 35. Rc5+ Kf6 36. Rc3 Ke5 37. Kg3 Rd1 38. f3 Re1 39. Rd3 Ke6 1-0

[Event "European Blitz 2017"]
[Site "Katowice POL"]
[Date "2017.12.15"]
[Round "17.45"]
[White "Alekseev, Evgeny"]
[Black "Lewtak, Damian"]
[Result "1-0"]
[WhiteTitle "GM"]
[WhiteElo "2616"]
[BlackElo "2358"]
[WhiteFideId "4138147"]
[BlackFideId "1141724"]
[EventDate "2017.12.15"]
[EventType "blitz"]

1. e4 c5 2. Nf3 Nf6 3. Nc3 Nc6 4. d4 d5 5. exd5 Nxd5 6. Nxd5 Qxd5 7. Be3 cxd4 8.
Nxd4 a6 9. c3 e5 10. Qb3 Qxb3 11. Nxb3 Be6 12. O-O-O Rd8 13. Be2 Be7 14. Bf3 f6
15. Bb6 Rxd1+ 16. Rxd1 Kf7 17. Nc5 Bxc5 18. Bxc5 Rd8 19. b3 Rxd1+ 20. Kxd1 f5
21. Kd2 e4 22. Be2 g5 23. c4 Kg6 24. Kc3 f4 25. b4 Ne5 26. a4 g4 27. Bf1 h5 28.
b5 h4 29. Bd4 Kf5 30. c5 axb5 31. axb5 Bd7 32. Kb4 Ke6 33. Bc4+ Nxc4 34. Kxc4 e3
35. fxe3 f3 36. gxf3 g3 37. h3 Ke7 38. c6 bxc6 39. b6 Kd8 40. Bf6+ Kc8 41. Bxh4
g2 42. Bf2 Bxh3 43. Kc5 Kb7 44. e4 Be6 45. f4 1-0

[Event "European Blitz 2017"]
[Site "Katowice POL"]
[Date "2017.12.15"]
[Round "17.47"]
[White "Tregubov, Pavel V."]
[Black "Reza, Wojciech"]
[Result "1-0"]
[WhiteTitle "GM"]
[WhiteElo "2575"]
[BlackElo "2283"]
[WhiteFideId "4115341"]
[BlackFideId "1151967"]
[EventDate "2017.12.15"]
[EventType "blitz"]

1. d4 Nf6 2. c4 e6 3. Nc3 Bb4 4. e3 O-O 5. Bd3 d5 6. a3 Bxc3+ 7. bxc3 c5 8. Nf3
Nc6 9. O-O Qc7 10. cxd5 exd5 11. h3 c4 12. Bc2 b5 13. Nd2 Re8 14. Re1 Rb8 15. e4
dxe4 16. Nxe4 Nxe4 17. Bxe4 Bd7 18. Qf3 Qb6 19. Bf4 Rbd8 20. Qh5 g6 21. Qh4 Na5
22. Bg5 Rc8 23. Re3 Bc6 24. Rae1 Bxe4 25. Rxe4 Rxe4 26. Qxe4 Qd6 27. Bh6 f5 28.
Qh4 Nc6 29. Bf4 Qf8 30. d5 Nd8 31. Re7 Nf7 32. d6 Rd8 33. Qf6 Qg7 34. Rxf7 1-0

[Event "European Blitz 2017"]
[Site "Katowice POL"]
[Date "2017.12.15"]
[Round "17.48"]
[White "Ladva, Ottomar"]
[Black "Lach, Aleksandra"]
[Result "1-0"]
[WhiteTitle "GM"]
[BlackTitle "WIM"]
[WhiteElo "2522"]
[BlackElo "2209"]
[WhiteFideId "4500024"]
[BlackFideId "1134299"]
[EventDate "2017.12.15"]
[EventType "blitz"]

1. Nf3 c5 2. c4 Nc6 3. Nc3 g6 4. b3 Bg7 5. Bb2 d6 6. g3 Nf6 7. Bg2 O-O 8. d4 Bg4
9. d5 Bxf3 10. exf3 Nd4 11. f4 a6 12. O-O Rb8 13. Ne2 Nxe2+ 14. Qxe2 b5 15. Rfe1
Re8 16. Bc3 Nh5 17. Bxg7 Nxg7 18. Bh3 Rb7 19. Qd3 bxc4 20. Qxc4 Qa5 21. Re2 Rb4
22. Qc2 Kf8 23. Rae1 Rd4 24. Bd7 Rb8 25. Bc6 e6 26. dxe6 fxe6 27. Bg2 Kf7 28.
Bh3 Re8 29. Re3 d5 30. Qe2 Qb6 31. Qf3 c4 32. bxc4 Rxc4 33. Qe2 Rc6 34. Rd3 Rd6
35. Red1 a5 36. Bg2 a4 37. h4 h5 38. Bh3 Nf5 39. Qe5 Qc7 40. Re1 Rc6 41. Rxd5
Qxe5 42. Rdxe5 a3 43. Bg2 Ra6 44. Bd5 Ng7 45. Bb3 Rd8 46. R1e2 Rad6 47. Kg2 Ra6 1-0

[Event "European Blitz 2017"]
[Site "Katowice POL"]
[Date "2017.12.15"]
[Round "17.49"]
[White "Sabuk, Piotr"]
[Black "Feuerstack, Aljoscha"]
[Result "0-1"]
[WhiteTitle "IM"]
[BlackTitle "IM"]
[WhiteElo "2382"]
[BlackElo "2438"]
[WhiteFideId "1137565"]
[BlackFideId "4681932"]
[EventDate "2017.12.15"]
[EventType "blitz"]

1. d4 Nf6 2. c4 c5 3. d5 b5 4. cxb5 a6 5. bxa6 e6 6. Nc3 exd5 7. Nxd5 Be7 8. g3
O-O 9. Bg2 Nxd5 10. Bxd5 Nc6 11. Nh3 Bxa6 12. O-O Rb8 13. a3 Nd4 14. Re1 Qb6 15.
Nf4 Bf6 16. Bg2 Bc4 17. Nd5 Qe6 18. Nf4 Qa6 19. Be3 Rxb2 20. Bxd4 Bxd4 21. e3
Bc3 22. Qc1 Rb3 23. Nd5 Bxa1 24. Qxa1 Bxd5 25. Bxd5 Rxa3 26. Qe5 Qf6 27. Qe4 Rb8
28. Re2 g6 29. h4 h5 30. Rc2 d6 31. Rd2 Kg7 32. Kg2 Ra7 33. Bc4 Re7 34. Qc6 Rd8
35. Rd5 Re5 36. Rd3 d5 37. Qxf6+ Kxf6 38. Ba2 d4 39. exd4 Rxd4 40. Rf3+ Rf5 41.
Ra3 Rd2 42. Ra6+ Ke5 0-1

[Event "European Blitz 2017"]
[Site "Katowice POL"]
[Date "2017.12.15"]
[Round "17.50"]
[White "Krejci, Jan2"]
[Black "Szadkowski, Kamil"]
[Result "1-0"]
[WhiteTitle "GM"]
[WhiteElo "2570"]
[BlackElo "2291"]
[WhiteFideId "322156"]
[BlackFideId "1123203"]
[EventDate "2017.12.15"]
[EventType "blitz"]

1. d4 Nf6 2. c4 e6 3. Nc3 d5 4. cxd5 exd5 5. Bg5 Be7 6. e3 c6 7. Bd3 Nbd7 8. Qc2
Nf8 9. Nf3 Ne6 10. Bh4 O-O 11. h3 g6 12. O-O Ng7 13. Rab1 Bf5 14. b4 Bxd3 15.
Qxd3 Nf5 16. Bxf6 Bxf6 17. b5 Nd6 18. bxc6 bxc6 19. Rfc1 Rb8 20. Nd2 Rxb1 21.
Qxb1 Qb6 22. Qxb6 axb6 23. Na4 Ra8 24. Nxb6 Rxa2 25. Rxc6 Nf5 26. Rxf6 Rxd2 27.
Nxd5 Kg7 28. Rb6 Rc2 29. g3 h5 30. h4 Nh6 31. Nf4 Ng4 32. Nh3 Rd2 33. Kg2 f6 34.
Kf1 Kf7 35. Rb7+ Ke6 36. Ke1 Rc2 37. Nf4+ Kf5 38. f3 Nxe3 39. Rb5+ 1-0

[Event "European Blitz 2017"]
[Site "Katowice POL"]
[Date "2017.12.15"]
[Round "17.51"]
[White "Tokranovs, Dmitrijs"]
[Black "Stocek, Jiri"]
[Result "1-0"]
[WhiteTitle "FM"]
[BlackTitle "GM"]
[WhiteElo "2348"]
[BlackElo "2566"]
[WhiteFideId "11603011"]
[BlackFideId "304760"]
[EventDate "2017.12.15"]
[EventType "blitz"]

1. e4 e6 2. d4 d5 3. exd5 exd5 4. Nc3 c6 5. Bd3 Bd6 6. Nge2 Qh4 7. Be3 Ne7 8.
Qd2 h6 9. O-O-O Bf5 10. g3 Qf6 11. Bf4 Bxd3 12. Qxd3 Nd7 13. Rhe1 O-O 14. f3
Rfe8 15. Bxd6 Qxd6 16. Nf4 b5 17. Re2 Nb6 18. Rde1 Nc4 19. Nb1 Qd7 20. Nd2 Nd6
21. Nb3 Nef5 22. Nc5 Rxe2 23. Rxe2 Qc7 24. g4 Ne7 25. Qe3 Nc4 26. Nfe6 fxe6 27.
Qxe6+ Kh8 28. Qxe7 Qf4+ 29. Kb1 Qxd4 30. Nd3 Qg1+ 31. Re1 Qxh2 32. b3 Nd2+ 33.
Kb2 Nxf3 34. Rf1 Qf4 35. Nxf4 1-0

[Event "European Blitz 2017"]
[Site "Katowice POL"]
[Date "2017.12.15"]
[Round "17.52"]
[White "Narva, Mai"]
[Black "Gdanski, Jacek"]
[Result "1-0"]
[WhiteTitle "WIM"]
[BlackTitle "GM"]
[WhiteElo "2211"]
[BlackElo "2458"]
[WhiteFideId "4500512"]
[BlackFideId "1100106"]
[EventDate "2017.12.15"]
[EventType "blitz"]

1. e4 e5 2. Nf3 d6 3. d4 exd4 4. Nxd4 g6 5. Nc3 Bg7 6. Bc4 Nc6 7. Nxc6 bxc6 8.
O-O Ne7 9. Be3 O-O 10. Qd2 Be6 11. Bb3 d5 12. Bc5 Re8 13. Qe2 dxe4 14. Bxe6 fxe6
15. Qxe4 Nd5 16. Bd4 e5 17. Bc5 Nxc3 18. bxc3 Qd5 19. Qe3 Bh6 20. Qxh6 Qxc5 21.
Rad1 Rad8 22. Qh3 Rd5 23. Rfe1 Qd6 24. Rd3 Rxd3 25. cxd3 Rd8 26. Qg4 Qd5 27. c4
Qd7 28. Qg5 Qxd3 29. Qxe5 Qd6 30. Qe3 c5 31. h4 Rd7 1-0

[Event "European Blitz 2017"]
[Site "Katowice POL"]
[Date "2017.12.15"]
[Round "17.53"]
[White "Shubin, Kirill"]
[Black "Polzin, Rainer"]
[Result "1/2-1/2"]
[WhiteTitle "FM"]
[BlackTitle "GM"]
[WhiteElo "2287"]
[BlackElo "2404"]
[WhiteFideId "34119962"]
[BlackFideId "4610741"]
[EventDate "2017.12.15"]
[EventType "blitz"]

1. e4 g6 2. d4 Bg7 3. f4 c5 4. dxc5 Na6 5. Nf3 Nxc5 6. e5 b6 7. Be2 Bb7 8. O-O
Nh6 9. Nc3 O-O 10. h3 d6 11. exd6 Nf5 12. dxe7 Qxe7 13. Kh2 Ne3 14. Bxe3 Qxe3
15. Qd2 Rfe8 16. Qxe3 Rxe3 17. Bc4 Bxf3 18. Rxf3 Rxf3 19. gxf3 Bxc3 20. bxc3 Rd8
21. Bd3 Nxd3 22. Rd1 Re8 23. cxd3 Re2+ 24. Kg3 Rxa2 25. d4 Kf8 26. Re1 Rc2 27.
Ra1 a5 28. Rb1 Rxc3 29. Rxb6 a4 30. Ra6 a3 31. d5 Ke7 32. Kg4 h5+ 33. Kg3 Rd3
34. h4 Rc3 35. f5 gxf5 36. Kf4 f6 37. Kxf5 Rxf3+ 38. Kg6 Rd3 39. d6+ Rxd6 40.
Rxa3 Rd5 41. Ra7+ Ke6 42. Ra6+ Ke7 43. Rxf6 Rd4 1/2-1/2

[Event "European Blitz 2017"]
[Site "Katowice POL"]
[Date "2017.12.15"]
[Round "17.54"]
[White "Kanarek, Marcel"]
[Black "Kowalczyk, Rafal"]
[Result "1/2-1/2"]
[WhiteTitle "GM"]
[WhiteElo "2505"]
[BlackElo "2223"]
[WhiteFideId "1126822"]
[BlackFideId "1133853"]
[EventDate "2017.12.15"]
[EventType "blitz"]

1. e4 e5 2. Nf3 Nc6 3. Bb5 a6 4. Ba4 Nf6 5. d3 b5 6. Bb3 Be7 7. Nc3 d6 8. a3 O-O
9. Nd5 Na5 10. Nxf6+ Bxf6 11. Bd5 c6 12. Ba2 Re8 13. b4 Nb7 14. O-O Be6 15. a4
d5 16. exd5 cxd5 17. d4 e4 18. Ne5 Nd6 19. Bb3 Qc7 20. Bf4 Nf5 21. Qd2 h6 22. c3
g5 23. Be3 Nxe3 24. fxe3 Bxe5 25. dxe5 Qxe5 26. axb5 axb5 27. Ra5 Rxa5 28. bxa5
Ra8 29. Ra1 b4 30. Qd4 Qxd4 31. cxd4 Kf8 32. a6 Ra7 33. Ra5 Ke7 34. Kf2 Kd6 35.
Ke1 Kc6 36. Rc5+ Kd6 37. Ra5 Kc6 38. Rc5+ Kd6 39. Ra5 Kc6 40. Rc5+ Kd6 1/2-1/2

[Event "European Blitz 2017"]
[Site "Katowice POL"]
[Date "2017.12.15"]
[Round "17.55"]
[White "Pultinevicius, Paulius"]
[Black "Kiratzopoulos, Efthimios"]
[Result "1-0"]
[WhiteTitle "IM"]
[WhiteElo "2371"]
[BlackElo "2204"]
[WhiteFideId "12809390"]
[BlackFideId "4207629"]
[EventDate "2017.12.15"]
[EventType "blitz"]

1. d4 Nf6 2. c4 Nc6 3. Nf3 e6 4. d5 exd5 5. cxd5 Bb4+ 6. Nc3 Ne7 7. Bd2 Bxc3 8.
Bxc3 Nexd5 9. Bd4 O-O 10. e3 d6 11. Bc4 Nb6 12. Bd3 Bg4 13. h3 Bh5 14. O-O Nbd7
15. Be2 c5 16. Bc3 d5 17. b4 b6 18. bxc5 bxc5 19. Rc1 Re8 20. Bxf6 Nxf6 21. Rxc5
Qb6 22. Rb5 Qa6 23. Nd4 Bxe2 24. Qxe2 Rac8 25. Qb2 h6 26. Rd1 Qa4 27. Rb3 Qc4
28. Nf5 Qc6 29. Rb7 Qe6 30. Nd4 Qe4 31. Rxa7 Rb8 32. Rb7 Ra8 33. Rb4 Qg6 34. a4
Ne4 35. Rb6 Qh5 36. Ra1 Rec8 37. a5 f5 38. Ne6 Ra7 39. a6 Re7 40. Rb7 Rce8 41.
Rxe7 Rxe7 42. Nf4 Qg5 43. a7 Rxa7 44. Rxa7 Qh4 45. Qxg7# 1-0

[Event "European Blitz 2017"]
[Site "Katowice POL"]
[Date "2017.12.15"]
[Round "17.56"]
[White "Jaroch, Karol"]
[Black "Jahncke, Giso"]
[Result "1-0"]
[BlackTitle "FM"]
[WhiteElo "2252"]
[BlackElo "2403"]
[WhiteFideId "1130609"]
[BlackFideId "24608289"]
[EventDate "2017.12.15"]
[EventType "blitz"]

1. e4 d5 2. exd5 Nf6 3. d4 Bg4 4. Nf3 Qxd5 5. Be2 Nc6 6. O-O O-O-O 7. c3 e5 8.
c4 Qa5 9. d5 Bxf3 10. Bxf3 Nd4 11. Be3 Nf5 12. Bg4 Nxg4 13. Qxg4 g6 14. Nc3 h5
15. Qe4 Bg7 16. a3 Nd6 17. Qd3 e4 18. Nxe4 Nxe4 19. Qxe4 Rhe8 20. Qc2 f5 21. b4
Qa6 22. Ra2 Re4 23. b5 Qa5 24. Bd2 Qb6 25. Be3 Bd4 26. c5 Qxb5 27. Rb1 Qa6 28.
d6 Bxe3 29. fxe3 Rxe3 30. Rab2 Rde8 31. Qd2 Rd3 32. Qf2 cxd6 33. cxd6 Rde3 34.
d7+ Kxd7 35. Rxb7+ Kc8 36. Qc2+ Rc3 37. Qxc3+ 1-0

[Event "European Blitz 2017"]
[Site "Katowice POL"]
[Date "2017.12.15"]
[Round "17.57"]
[White "Dzhuguryan, Tygran"]
[Black "Kantans, Toms"]
[Result "0-1"]
[BlackTitle "GM"]
[WhiteElo "2220"]
[BlackElo "2484"]
[WhiteFideId "21872988"]
[BlackFideId "11602945"]
[EventDate "2017.12.15"]
[EventType "blitz"]

1. d4 Nf6 2. c4 g6 3. d5 Bg7 4. Nc3 O-O 5. e4 d6 6. h3 e6 7. Bd3 Re8 8. Nge2
Nbd7 9. O-O exd5 10. cxd5 Nc5 11. f3 a5 12. Bg5 c6 13. Qd2 Qb6 14. Be3 cxd5 15.
Nxd5 Nxd5 16. exd5 Qxb2 17. Qxb2 Bxb2 18. Bxc5 Bxa1 19. Bxd6 Bf6 20. Bc7 Bd7 21.
Ng3 Bd4+ 22. Kh1 f5 23. Ne2 Bf6 24. Nf4 b5 25. d6 Kf7 26. Nd5 Bd4 27. Rd1 Bc5
28. Rc1 Ba3 29. Rc3 Re1+ 30. Kh2 Bb2 31. Rc2 Be5+ 0-1

[Event "European Blitz 2017"]
[Site "Katowice POL"]
[Date "2017.12.15"]
[Round "17.58"]
[White "Terletsky, Oleg"]
[Black "Shkapenko, Pavel"]
[Result "1-0"]
[WhiteTitle "FM"]
[BlackTitle "IM"]
[WhiteElo "2384"]
[BlackElo "2431"]
[WhiteFideId "14116774"]
[BlackFideId "4151933"]
[EventDate "2017.12.15"]
[EventType "blitz"]

1. e4 c5 2. Nf3 a6 3. c4 b6 4. Nc3 e6 5. d4 cxd4 6. Nxd4 Bb7 7. Be2 Qc7 8. O-O
Nf6 9. Bd3 d6 10. Bg5 Nbd7 11. Rc1 Be7 12. Kh1 Nc5 13. Qe2 Nxd3 14. Qxd3 O-O 15.
f4 Rfe8 16. f5 Qc5 17. b4 Qxb4 18. fxe6 Rac8 19. exf7+ Kxf7 20. Nd5 Bxd5 21.
exd5 Kg8 22. Nc6 Qb2 23. Rc2 Qxc2 24. Qxc2 Nxd5 25. Bxe7 Nxe7 26. Nxe7+ Rxe7 27.
Qf5 Rce8 28. Qd5+ Kh8 29. Qxd6 h6 30. h3 Re6 31. Rf8+ Rxf8 32. Qxf8+ Kh7 33.
Qf5+ Rg6 34. g4 1-0

[Event "European Blitz 2017"]
[Site "Katowice POL"]
[Date "2017.12.15"]
[Round "17.59"]
[White "Muter, Donny"]
[Black "Bartel, Michal"]
[Result "0-1"]
[BlackTitle "FM"]
[WhiteElo "2206"]
[BlackElo "2360"]
[WhiteFideId "409170"]
[BlackFideId "1119257"]
[EventDate "2017.12.15"]
[EventType "blitz"]

1. d4 Nf6 2. Nf3 c5 3. e3 e6 4. Bd3 Qc7 5. c4 Be7 6. Nc3 a6 7. O-O b6 8. d5 exd5
9. cxd5 b5 10. e4 d6 11. h3 Nbd7 12. Bf4 O-O 13. Re1 Re8 14. Rc1 Bf8 15. Bh2 Bb7
16. Bb1 b4 17. Na4 a5 18. b3 Ba6 19. Bd3 Bxd3 20. Qxd3 Qb7 21. Nd2 Ne5 22. Bxe5
Rxe5 23. Nc4 Ree8 24. Re2 Nd7 25. f4 Qb8 26. Rce1 Qd8 27. e5 Qh4 28. Re4 f5 29.
R4e3 Qxf4 30. e6 Nf6 31. Rf1 Qd4 32. Rxf5 g6 33. Qxd4 cxd4 34. Rxf6 dxe3 35.
Nab6 Ra6 36. Kf1 Bg7 37. Rf7 Rf8 38. Rxf8+ Kxf8 39. Ke2 Bd4 40. Nc8 Bc5 41. Kd3
Ke8 42. Nxe3 Ra8 43. Nxd6+ Bxd6 44. Nc4 Ke7 45. Nb6 Rf8 46. Nd7 Rf2 0-1

[Event "European Blitz 2017"]
[Site "Katowice POL"]
[Date "2017.12.15"]
[Round "17.60"]
[White "Kukula, Pawel"]
[Black "Heinzel, Olaf"]
[Result "1-0"]
[BlackTitle "IM"]
[WhiteElo "2181"]
[BlackElo "2360"]
[WhiteFideId "1115081"]
[BlackFideId "4626664"]
[EventDate "2017.12.15"]
[EventType "blitz"]

1. d4 Nf6 2. c4 e5 3. dxe5 Ne4 4. a3 a5 5. e3 Nc6 6. Bd3 Nc5 7. Nf3 Qe7 8. O-O
Nxe5 9. Be2 d6 10. Nc3 Be6 11. Nd4 Bxc4 12. Bxc4 Nxc4 13. Nd5 Qd8 14. Nb5 Rc8
15. Na7 Rb8 16. Nb5 Rc8 17. Na7 c6 18. Nxc8 cxd5 19. b4 Nd7 20. Na7 Be7 21. Nb5
O-O 22. Qxd5 Ncb6 23. Qxb7 axb4 24. axb4 Bf6 25. Ra6 Nc4 26. Qd5 Ndb6 27. Qc6 d5
28. Nd4 Nc8 29. Ra8 N4b6 30. Ra6 Nc4 31. b5 1-0

[Event "European Blitz 2017"]
[Site "Katowice POL"]
[Date "2017.12.15"]
[Round "17.61"]
[White "Stenner, Patrick"]
[Black "Tomczak, Mikolaj"]
[Result "0-1"]
[BlackTitle "FM"]
[WhiteElo "2248"]
[BlackElo "2372"]
[WhiteFideId "4615760"]
[BlackFideId "1175114"]
[EventDate "2017.12.15"]
[EventType "blitz"]

1. e4 c5 2. Nc3 g6 3. f4 Bg7 4. Nf3 Nc6 5. Bb5 Nd4 6. Bd3 e6 7. Nxd4 cxd4 8. Nb5
d6 9. c3 dxc3 10. bxc3 a6 11. Qa4 Kf8 12. Nxd6 Ne7 13. Ba3 Bd7 14. Qb3 Bc6 15.
O-O Qd7 16. Rab1 Kg8 17. Bc2 Bf8 18. f5 exf5 19. exf5 Nd5 20. fxg6 Bxd6 21. Rxf7
Qe6 22. Bf5 Qe5 23. Bxd6 Qxd6 24. c4 hxg6 25. cxd5 Bxd5 26. Qd3 Qxh2+ 27. Kf1
Qxg2+ 28. Ke1 Rh1+ 0-1

[Event "European Blitz 2017"]
[Site "Katowice POL"]
[Date "2017.12.15"]
[Round "17.62"]
[White "Lupik, Marina"]
[Black "Stojcevski, Zoran"]
[Result "1-0"]
[WhiteTitle "WIM"]
[BlackTitle "FM"]
[WhiteElo "2190"]
[BlackElo "2337"]
[WhiteFideId "4177495"]
[BlackFideId "15000192"]
[EventDate "2017.12.15"]
[EventType "blitz"]

1. e4 e5 2. Nf3 Nc6 3. Bc4 Bc5 4. c3 Nf6 5. d4 exd4 6. cxd4 Bb4+ 7. Bd2 Bxd2+ 8.
Nbxd2 d5 9. exd5 Ne7 10. O-O O-O 11. Ne5 Nexd5 12. Ndf3 Bf5 13. Qb3 Rb8 14. Rfe1
c6 15. Rad1 h6 16. Qa3 Ra8 17. Nh4 Bh7 18. Qf3 Nb6 19. Bb3 Nfd5 20. Nf5 Qf6 21.
Ne3 Qxf3 22. Nxf3 Rad8 23. Ne5 Rfe8 24. Nxd5 Nxd5 25. f3 Kf8 26. Kf2 f6 27. Nc4
Nf4 28. Re3 Rxe3 29. Nxe3 Nd3+ 30. Kg1 Rxd4 31. Bc2 c5 32. Rd2 b6 33. Nf1 Kg8
34. Ng3 Nxb2 35. Bxh7+ Kxh7 36. Rxb2 g6 37. Kf2 f5 38. Ne2 Ra4 39. Rd2 Kg7 40.
Nc3 Ra5 41. Nd5 Kf7 42. Ke3 g5 43. Kd3 Ke6 44. Nc3 Ke5 45. Re2+ Kd6 46. Kc4 a6
47. Rd2+ Ke6 48. Re2+ Kd6 49. Re8 b5+ 50. Kb3 f4 51. Rh8 Ke5 52. Rxh6 b4 53. Nd1
Ra3+ 54. Kb2 c4 55. Rg6 c3+ 56. Kb1 Kd4 57. Rxg5 a5 58. Rf5 a4 59. Rxf4+ Kd3 60.
Nb2+ Kd2 61. Nd1 Kxd1 62. Rc4 1-0

[Event "European Blitz 2017"]
[Site "Katowice POL"]
[Date "2017.12.15"]
[Round "17.63"]
[White "Szpar, Milosz"]
[Black "Schulz, Karsten"]
[Result "1-0"]
[WhiteTitle "FM"]
[BlackTitle "FM"]
[WhiteElo "2367"]
[BlackElo "2293"]
[WhiteFideId "1184989"]
[BlackFideId "4611446"]
[EventDate "2017.12.15"]
[EventType "blitz"]

1. e4 d6 2. d4 Nf6 3. Nc3 e5 4. dxe5 dxe5 5. Qxd8+ Kxd8 6. Bg5 Be6 7. O-O-O+ Nd7
8. g3 Kc8 9. f4 exf4 10. gxf4 h6 11. Bh4 Nc5 12. e5 Nfd7 13. Nge2 g5 14. fxg5
Nxe5 15. g6 Bg7 16. gxf7 Nxf7 17. Be7 Nd7 18. Rg1 Be5 19. Nd4 Bxd4 20. Rxd4 Re8
21. Bh4 Nde5 22. Bg2 Rg8 23. Bg3 Bd7 24. Re1 Rg5 25. Bd5 c6 26. Bxf7 Nxf7 27.
Re7 Be6 28. Re8+ 1-0

[Event "European Blitz 2017"]
[Site "Katowice POL"]
[Date "2017.12.15"]
[Round "17.64"]
[White "Kashtanov, Ruslan"]
[Black "Zaleski, Lukasz"]
[Result "1-0"]
[WhiteTitle "IM"]
[WhiteElo "2376"]
[BlackElo "2229"]
[WhiteFideId "4124871"]
[BlackFideId "1172611"]
[EventDate "2017.12.15"]
[EventType "blitz"]

1. Nf3 Nf6 2. c4 e6 3. g3 b6 4. Bg2 Bb7 5. O-O c5 6. Nc3 Be7 7. Re1 O-O 8. e4 d6
9. d4 cxd4 10. Nxd4 a6 11. e5 dxe5 12. Bxb7 Ra7 13. Nxe6 Qxd1 14. Rxd1 fxe6 15.
Bf3 Bc5 16. Na4 e4 17. Bg2 Ng4 18. Nxc5 bxc5 19. Bh3 Nxf2 20. Bxe6+ Kh8 21. Rf1
Re7 22. Rxf2 Rxf2 23. Kxf2 Rxe6 24. Be3 Rc6 25. Rd1 Rc8 26. Rd5 g6 27. Bxc5 Nc6
28. b4 Kg7 29. Ke3 Kf6 30. a4 a5 31. b5 Ne5 32. Bd4 Kf7 33. Rxe5 Rxc4 34. b6
Rxa4 35. Rb5 Ra3+ 36. Kxe4 a4 37. b7 Rb3 38. Rxb3 axb3 39. b8=Q 1-0

[Event "European Blitz 2017"]
[Site "Katowice POL"]
[Date "2017.12.15"]
[Round "17.65"]
[White "Zawadzka, Jolanta"]
[Black "Zwardon, Vojtech"]
[Result "0-1"]
[WhiteTitle "WGM"]
[BlackTitle "IM"]
[WhiteElo "2424"]
[BlackElo "2408"]
[WhiteFideId "1122320"]
[BlackFideId "325511"]
[EventDate "2017.12.15"]
[EventType "blitz"]

1. e4 c5 2. Nf3 Nc6 3. d4 cxd4 4. Nxd4 g6 5. c4 Bg7 6. Be3 Qb6 7. Nb5 Qa5+ 8.
Bd2 Qb6 9. Be3 Qd8 10. N1c3 Nf6 11. Be2 O-O 12. O-O d6 13. f3 a6 14. Na3 Bd7 15.
Rc1 Qa5 16. Kh1 Rfc8 17. Qa4 Qh5 18. Qb3 Rab8 19. Nd5 Nxd5 20. cxd5 Nd4 21. Bxd4
Bxd4 22. Rxc8+ Rxc8 23. Qd3 Bxb2 24. f4 Qh4 25. Nc4 Bb5 26. Qb3 Bd4 27. a4 Bxc4
28. Bxc4 Qf6 29. g3 a5 30. Rd1 b6 31. Qd3 Bb2 32. Qb3 h5 33. Bf1 Qc3 34. Qxc3
Rxc3 35. Rb1 Rc2 36. Bd3 Rd2 37. Bb5 Bd4 38. Rc1 Bc5 39. Re1 Kg7 40. Re2 Rd4 41.
Kg2 g5 42. fxg5 Kg6 43. h4 Rd1 44. Kf3 Bd4 45. Rc2 Be5 46. Re2 Rg1 47. Rg2 Rc1
48. Rd2 Rc3+ 49. Rd3 Rc2 50. Re3 Bd4 51. Re2 Rc3+ 52. Kg2 Be5 53. Bd7 Rxg3+ 54.
Kf2 Ra3 55. Rc2 Bg3+ 56. Kg2 Bxh4 57. Bf5+ Kxg5 58. Rc8 Kf4 59. Rf8 Rg3+ 60. Kf1
Rg7 61. Rb8 Bf6 62. Rxb6 h4 63. Rb3 Bd4 64. Rd3 Rg1+ 65. Ke2 Bf6 66. Rh3 Kg5 67.
Kd3 Be5 68. Kc4 Bg3 69. Kb5 Be1 70. Kc6 Kf6 71. Kb5 e6 72. dxe6 fxe6 73. Bh7 Ke5
74. Kc4 Bg3 75. Kd3 Kf4 76. Bg8 Ke5 77. Bh7 Ra1 78. Kc4 Rxa4+ 79. Kb5 Ra1 80.
Bg6 a4 81. Kb4 Be1+ 82. Kc4 a3 83. Rh2 Bg3 84. Rg2 Kf4 85. Bf7 h3 86. Rc2 h2 87.
Kd4 0-1